Inovácie ako súčasť znalostnej ekonomiky aplikované na oblasť školského systému bakalárska práca

Saved in:
Bibliographic Details
Main Author: Majerská, Zuzana
Corporate Author: Obchodná fakulta EU. Katedra tovaroznalectva a kvality tovaru
Other Authors: Jelšíková, Martina
Format: Book
Language:Slovak
Published: Bratislava 2010
Tags: Add Tag
No Tags, Be the first to tag this record!

MARC

LEADER 00000nam$a2200000$$$4500
001 0135239
005 20240320074141.1
041 0 |a slo 
044 |a SK 
245 1 0 |a Inovácie ako súčasť znalostnej ekonomiky aplikované na oblasť školského systému  |b bakalárska práca  |c Zuzana Majerská ; školiteľ: Martina Jelšíková 
264 1 |a Bratislava  |c 2010 
300 |a 56 s. 
100 1 |a Majerská, Zuzana 
700 1 |a Jelšíková, Martina 
710 2 |a Obchodná fakulta EU. Katedra tovaroznalectva a kvality tovaru